000 00608nam a2200193 i 4500
001 142443
003 ES-MaACL
005 20230906200525.0
007 t|
008 071005s1972 sp ||||1| spa d
100 1 _aWise, David Burgess.
_9117145
245 1 0 _aAutomóviles veteranos /
_cDavid Burgess Wise ; ilustrado por Walter Wright [traducción de Fernando Corripio].
250 _a1ª ed.
260 _aBarcelona :
_bBruguera,
_c1972.
300 _a158 p. :
_bil. ;
_c18 cm.
700 1 _aWright, Walter.
_9117426
700 1 _aCorripio, Fernando.
_940787
852 _aES-MaACL
_jC-53382
_bR.85957
999 _c142443
_d142443